RICS influence, advocacy and thought leadership across the UK (Record no. 122076)
[ view plain ]
| 000 -LEADER | |
|---|---|
| fixed length control field | 00881nam a22001937a 4500 |
| 008 - FIXED-LENGTH DATA ELEMENTS--GENERAL INFORMATION | |
| fixed length control field | 241223s2024 xxk|||||o|||| 00| 0 eng d |
| 041 ## - LANGUAGE CODE | |
| Language code of text/sound track or separate title | eng |
| 110 ## - MAIN ENTRY--CORPORATE NAME | |
| Corporate author | Royal Institution of Chartered Surveyors |
| 245 ## - TITLE STATEMENT | |
| Title | RICS influence, advocacy and thought leadership across the UK |
| Subtitle | Impact Report 2024 |
| Medium | [Electronic resource] |
| 260 ## - PUBLICATION INFORMATION | |
| Place of publication | London, |
| Publisher | Royal Institution of Chartered Surveyors, |
| Date | December 2024 |
| 300 ## - PHYSICAL DESCRIPTION | |
| Physical description | 31p |
| 490 ## - SERIES TITLE | |
| Series statement | RICS Impact Report |
| 520 ## - ABSTRACT | |
| Abstract | The RICS Impact Report 2024 has been published, providing a comprehensive overview of our influence, advocacy and thought leadership activity across the UK. |
| 651 ## - SUBJECT ADDED ENTRY--GEOGRAPHIC NAME | |
| Geographic name | United Kingdom |
| 690 ## - BROAD SUBJECT | |
| 9 (RLIN) | 6277 |
| Broad subject | RICS |
| 710 ## - ADDED CORPORATE NAME | |
| Added corporate author | Royal Institution of Chartered Surveyors |
| 856 ## - ONLINE RESOURCE | |
| Uniform Resource Identifier | <a href="https://www.rics.org/content/dam/ricsglobal/documents/reports/Impact-Report-2024.pdf">https://www.rics.org/content/dam/ricsglobal/documents/reports/Impact-Report-2024.pdf</a> |
| Public note | Available free on RICS.org |
| 942 ## - ADDED ENTRY ELEMENTS (KOHA) | |
| Suppress in OPAC | Do not suppress in OPAC |
| Lost status | Damaged status | Not for loan | Current library | Shelving location | Date acquired | Total Checkouts | Full call number | Date last seen | Price effective from | Koha item type |
|---|---|---|---|---|---|---|---|---|---|---|
| Virtual | Online | 23/12/2024 | ONLINE PUBLICATION | 23/12/2024 | 23/12/2024 | Online material |